Werte und Weltmarkt zur Bildung und Realisierung internationaler Werte

Salvato in:
Dettagli Bibliografici
Autore principale: Krüger, Hans-Peter
Natura: Libro
Lingua:tedesco
Pubblicazione: Berlin Akademie 1984
Edizione:1. Aufl.
Tags: Aggiungi Tag
Nessun Tag, puoi essere il primo ad aggiungerne!!

MARC

LEADER 00000nam a2200000 4500
001 c114519
005 20221220091031.3
041 0 |a ger 
044 |a DE 
245 1 0 |a Werte und Weltmarkt  |b zur Bildung und Realisierung internationaler Werte  |c Hans-Peter Krüger 
250 |a 1. Aufl. 
264 1 |a Berlin  |b Akademie  |c 1984 
300 |a 198 s. 
100 1 |a Krüger, Hans-Peter